Movies Quiz

Random Movies or Disney Quiz

Dynamic Disney Duos Quiz Stats

 Plays Quiz Updated Jul 25, 2018

Challenge
Share
Tweet
Score 0/16 Timer 05:00
12 Plays Today
% Correct
Chip and Dale
Private Pluto (short)
95.3%
Tweedle Dee and Tweedle Dum
Alice in Wonderland
93.2%
Timon and Pumbaa
The Lion King
92.6%
Bonnie and Stu Hopps
Zootopia
85.5%
Si and Am
Lady and the Tramp
84.8%
Jacques and Gus
Cinderella
81%
Tuck and Roll
A Bug's Life
78.6%
Pain and Panic
Hercules
74.3%
% Correct
Flotsam and Jetsam
The Little Mermaid
73.8%
Jasper and Horace
101 Dalmatians
70.2%
Fluke and Rudder
Finding Dory
64.9%
Terri and Terry Perry
Monsters University
63.7%
Napoleon and Lafayette
The AristoCats
57.5%
Mia and Tia
Cars, Cars 2
51.2%
Beta and Gamma
Up
50.9%
Nash and Ramsay
The Good Dinosaur
45.5%

You're not logged in!

Compare scores with friends on all Sporcle quizzes.
Join for Free
OR
Log In

Show Comments

Extras

Top Quizzes Today


Score Distribution

Your Account Isn't Verified!

In order to create a playlist on Sporcle, you need to verify the email address you used during registration. Go to your Sporcle Settings to finish the process.

Report this User

Report this user for behavior that violates our Community Guidelines.

Details: